| 000 | 00772nam a2200229 i 4500 | ||
|---|---|---|---|
| 001 | 22669 | ||
| 003 | ES-MaACL | ||
| 005 | 20251120165639.0 | ||
| 007 | t| | ||
| 008 | 021204s1974 sp ||||1| spa d | ||
| 100 | 1 |
_aAlthusser, Louis. _920538 |
|
| 245 | 1 | 0 |
_aMontesquieu, la política y la historia / _cLouis Althusser ; traducción... de Mª Ester Benitez. |
| 250 | _a[2ª ed.]. | ||
| 260 |
_aBarcelona, etc. : _bAriel, _c[1974] |
||
| 300 |
_a150 p. ; _c18 cm. |
||
| 490 | 1 |
_aAriel quincenal ; _v87 |
|
| 600 | 1 | 4 |
_aMontesquieu, Charles-Louis de Secondat, _cbaron de, _d1689-1755 _982608 |
| 700 | 1 |
_aBenítez, Esther, _d1937-2001 _927600 |
|
| 830 | 0 |
_aAriel quincenal ; _v87 _9180806 |
|
| 852 |
_aES-MaACL _jC-56673 _bR.89394 |
||
| 999 |
_c22669 _d22669 |
||